000 01830cam a2200361 a 4500
999 _c129637
_d129637
001 15148619
003 ARRUPE
005 20190522110231.0
008 080119s2007 enk b 001 0 eng d
010 _a 2008270364
015 _aGBA739079
_2bnb
016 7 _a013751535
_2Uk
020 _a9780521878807 (hbk.)
020 _a0521878802 (hbk.)
035 _a(OCoLC)ocn137221656
040 _aUKM
_cUKM
_dBTCTA
_dBAKER
_dYDXCP
_dBWKUK
_dIDI
_dCOD
_dDLC
042 _alccopycat
050 0 0 _aBV4647.F55
_bB58 2007
082 0 0 _a234/.5
_222
100 1 _aBash, Anthony.
_946498
245 1 0 _aForgiveness and Christian ethics /
_cAnthony Bash.
260 _aCambridge, UK ;
_aNew York :
_bCambridge University Press,
_c2007.
300 _axi, 208 p. ;
_c24 cm.
440 0 _aNew studies in Christian ethics ;
_v29
_920820
504 _aIncludes bibliographical references (p. 187-200) and indexes.
505 0 _aForgiveness and wrongdoing -- Forgiveness then and now -- Forgiveness and psychological therapy -- Justice and forgiveness -- Forgiveness and the New Testament -- The Ideal of forgiveness -- Forgiveness and structural wrongdoing -- Forgiveness, punishment, and justice -- Varieties of forgiveness -- Afterthoughts.
650 0 _aForgiveness
_xReligious aspects
_xChristianity.
_911265
650 0 _aChristian ethics.
_946499
856 4 2 _3Contributor biographical information
_uhttp://www.loc.gov/catdir/enhancements/fy0808/2008270364-b.html
856 4 2 _3Publisher description
_uhttp://www.loc.gov/catdir/enhancements/fy0808/2008270364-d.html
856 4 1 _3Table of contents only
_uhttp://www.loc.gov/catdir/enhancements/fy0808/2008270364-t.html
906 _a7
_bcbc
_ccopycat
_d2
_encip
_f20
_gy-gencatlg
942 _2lcc
_cMONOGRAPH